000 00701nam a2200205Ia 4500
003 GCL
005 20240530095433.0
008 140319s9999 xx 000 0 ara d
040 _aGCL /
_cGCL
082 0 4 _a916.2
_bق/أ ر
100 1 _aابراهيم سلامة ابراهيم
245 1 0 _aرحلة الالف ميل /
_cابراهيم سلامة ابراهيم
260 _aالقاهرة :
_bالهيئة المصرية العامة للكتاب ،
_c1997
300 _a546 ص ؛
_c24 سم
650 0 4 _aمصر القديمة
650 0 4 _aمصر - الاثار الفرعونية
650 0 4 _aمصر - وصف ورحلات
700 1 _aادواردز، اميليا
942 _2ddc
_cBK
999 _c7257
_d7257